Prevention and settlement of industrial disputes in Asia : (Record no. 37230)

MARC details
000 -LEADER
fixed length control field 00960cam a22002411a 4500
001 - CONTROL NUMBER
control field l 65000239
003 - CONTROL NUMBER IDENTIFIER
control field DLC
005 - DATE AND TIME OF LATEST TRANSACTION
control field 20260227111548.0
008 - FIXED-LENGTH DATA ELEMENTS--GENERAL INFORMATION
fixed length control field 870617s1962 sz 000 0 eng
010 ## - LIBRARY OF CONGRESS CONTROL NUMBER
LC control number l 65000239
035 ## - SYSTEM CONTROL NUMBER
System control number (OCoLC)16159386
040 ## - CATALOGING SOURCE
Original cataloging agency DLC
Transcribing agency PU-L
Modifying agency DLC
042 ## - AUTHENTICATION CODE
Authentication code premarc
050 00 - LIBRARY OF CONGRESS CALL NUMBER
Classification number HD6961.A1
Item number I73 no. 15
111 2# - MAIN ENTRY--MEETING NAME
Meeting name or jurisdiction name as entry element Asian Regional Seminar on the Prevention and Settlement of Industrial Disputes
Date of meeting or treaty signing (1961 :
Location of meeting Kuala Lumpur, Malaya)
245 10 - TITLE STATEMENT
Title Prevention and settlement of industrial disputes in Asia :
Remainder of title documents submitted to and report of an Asian regional seminar, Kuala Lumpur, 7-19 December 1961.
260 ## - PUBLICATION, DISTRIBUTION, ETC.
Place of publication, distribution, etc. Geneva :
Name of publisher, distributor, etc. International Labour Office,
Date of publication, distribution, etc. 1962.
300 ## - PHYSICAL DESCRIPTION
Extent ii, 266 p. ;
Dimensions 30 cm.
440 #0 - SERIES STATEMENT/ADDED ENTRY--TITLE
Title Labour-Management relations series ;
Volume/sequential designation no. 15
500 ## - GENERAL NOTE
General note At head of title: International Labour Organisation.
650 #0 - SUBJECT ADDED ENTRY--TOPICAL TERM
Topical term or geographic name entry element Arbitration, Industrial
Geographic subdivision Asia.
710 2# - ADDED ENTRY--CORPORATE NAME
Corporate name or jurisdiction name as entry element International Labour Organisation.

No items available.

Powered by Koha